[Event "Frankfurt Ch B 2017"]
[Site "Ffm-Höchst, BiKuZ"]
[Date "2017.04.24"]
[Round "1.2"]
[White "Goodwin, David"]
[Black "Landvoigt, Martin"]
[Result "1-0"]
[WhiteElo "1456"]
[BlackElo "1177"]
[PlyCount "139"]
[EventDate "2017.??.??"]
[WhiteTeam "SV Kelsterbach"]
[BlackTeam "SF Friedberg"]

1. Nf3 d5 2. g3 c5 3. Bg2 Nc6 4. O-O e6 5. d3 b6 6. c4 d4 7. Qa4 Bd7 8. Qd1 Be7
9. Nbd2 Nf6 10. a3 a5 11. Ng5 O-O 12. Nge4 Rb8 13. Nxf6+ Bxf6 14. Ne4 Ne5 15.
Bf4 Bc6 16. Nxf6+ Qxf6 17. Bxe5 Qxe5 18. Bxc6 Qd6 19. Bg2 b5 20. b3 bxc4 21.
bxc4 Rb6 22. Rb1 Rfb8 23. Rxb6 Rxb6 24. Qa4 Qb8 25. Qxa5 Qc7 26. a4 g6 27. Bf3
Qd6 28. Qa8+ Rb8 29. Qa7 Qf8 30. a5 Rb4 31. a6 Kg7 32. Qc7 Ra4 33. a7 h5 34.
Rb1 Kh6 35. a8=Q Rxa8 36. Bxa8 Qxa8 37. Qxc5 Qa2 38. Qf8+ Kg5 39. h4+ Kf6 40.
Qh8+ Kf5 41. Rb5+ Kg4 42. Qxd4+ Kh3 43. Qb2 Qa8 44. e4 f5 45. f3 Kxg3 46. Qg2+
Kf4 47. Rb2 Qa1+ 48. Kh2 Ke3 49. Qe2+ Kd4 50. Ra2 Qc3 51. Qb2 Qxb2+ 52. Rxb2
Kxd3 53. c5 fxe4 54. fxe4 Kxe4 55. c6 Kf3 56. c7 e5 57. c8=Q e4 58. Qe6 e3 59.
Rb3 Kf4 60. Qxe3+ Kg4 61. Rb4+ Kf5 62. Qf4+ Ke6 63. Qg5 Kd6 64. Rb5 Kc6 65.
Qd5+ Kc7 66. Qe6 Kd8 67. Rg5 Kc7 68. Rxg6 Kd8 69. Qf7 Kc8 70. Rg8# 1-0

[Event "Frankfurt Ch B 2017"]
[Site "Ffm-Höchst, BiKuZ"]
[Date "2017.04.24"]
[Round "1.3"]
[White "Arnold, Aaron"]
[Black "Björknes, Uwe"]
[Result "0-1"]
[WhiteElo "1163"]
[BlackElo "1450"]
[PlyCount "68"]
[EventDate "2017.??.??"]
[WhiteTeam "SC Frankfurt-West"]
[BlackTeam "SC Bergen-Enkheim"]

1. e4 e5 2. Nf3 Nc6 3. Bc4 g6 4. d4 exd4 5. Nxd4 Bg7 6. Ne2 Nf6 7. Nbc3 O-O 8.
O-O d6 9. f4 Bg4 10. Qe1 Nxe4 11. Nxe4 d5 12. Bd3 dxe4 13. Bxe4 Bxe2 14. Qxe2
Qd4+ 15. Qe3 Qd6 16. c3 Rfe8 17. Qd3 Qf6 18. Qc2 Rad8 19. Re1 Rd6 20. Bd2 Red8
21. Rad1 Na5 22. b3 R8d7 23. Be3 Qxc3 24. Qxc3 Bxc3 25. Rxd6 Rxd6 26. Rc1 Bd4
27. Bxd4 Rxd4 28. Bf3 c6 29. g3 Kf8 30. Rc2 Ke7 31. Kf2 b6 32. Ke3 c5 33. Rb2
Kd6 34. b4 Nc4+ 0-1

[Event "Frankfurt Ch B 2017"]
[Site "Ffm-Höchst, BiKuZ"]
[Date "2017.04.24"]
[Round "1.4"]
[White "Gade, Bernt"]
[Black "Hartwig, Horst"]
[Result "1-0"]
[WhiteElo "1447"]
[BlackElo "1156"]
[Annotator "Schloessner,Henrik"]
[PlyCount "59"]
[EventDate "2017.??.??"]
[WhiteTeam "FV Berkersheim"]
[BlackTeam "vereinslos"]

1. e4 e5 2. Nf3 d6 3. d4 exd4 4. Nxd4 Nc6 5. Bb5 Bd7 6. Nc3 Ne5 7. Bxd7+ Qxd7
8. O-O Nf6 9. f3 d5 10. exd5 Nxd5 11. Re1 Be7 12. Rxe5 Nxc3 13. bxc3 O-O-O 14.
Qd3 c5 15. Nf5 Bf6 16. Rxc5+ Kb8 17. Bf4+ Ka8 18. Qxd7 Rxd7 19. Rb1 g5 20. Be5
Bxe5 21. Rxe5 Rc8 22. Nd4 a6 23. Rb3 h6 24. a4 Rc4 25. a5 Ka7 26. Kf2 Rdc7 27.
Ke2 Rxc3 28. Rxc3 Rxc3 29. Re7 Ra3 30. Nc6+ {[%mdl 2048]} 1-0

[Event "Frankfurt Ch B 2017"]
[Site "Ffm-Höchst, BiKuZ"]
[Date "2017.04.24"]
[Round "1.5"]
[White "Pessotschinski, Eduard"]
[Black "Kiel, Gerhard"]
[Result "0-1"]
[WhiteElo "1155"]
[BlackElo "1441"]
[PlyCount "92"]
[EventDate "2017.??.??"]
[WhiteTeam "TuS Makkabi"]
[BlackTeam "vereinslos"]

1. e4 c5 2. Nc3 g6 3. Bc4 Bg7 4. d3 Nc6 5. Nge2 a6 6. a4 b6 7. O-O Bb7 8. Be3
Nd4 9. Bxd4 cxd4 10. Nd5 e6 11. Ndf4 Ne7 12. Kh1 Qc7 13. b3 d5 14. exd5 exd5
15. Bb5+ axb5 16. axb5 O-O 17. Nh3 Rxa1 18. Qxa1 Ra8 19. Qb2 Bc8 20. Nhg1 Bd7
21. Nf3 Bg4 22. Nfg1 Bxe2 23. Nxe2 Nf5 24. Ng3 Nxg3+ 25. fxg3 Re8 26. Qa2 h5
27. Kg1 Qc8 28. Qa7 Qe6 29. Qa1 Kh7 30. Qd1 Qe2 31. h3 Qxd1 32. Rxd1 Bf8 33.
Rf1 Kg7 34. Rf4 Bd6 35. Rf3 Re3 36. Kf2 Rxf3+ 37. gxf3 h4 38. g4 Kf6 39. Ke2
Bf4 40. Kf2 Ke5 41. Ke2 g5 42. Kf1 Be3 43. Kg2 Kf4 44. b4 f6 45. Kh1 Bd2 46.
Kg2 Ke3 0-1

[Event "Frankfurt Ch B 2017"]
[Site "Ffm-Höchst, BiKuZ"]
[Date "2017.04.24"]
[Round "1.6"]
[White "Mayer, Andreas"]
[Black "Henrich, Gerhard"]
[Result "1-0"]
[WhiteElo "1434"]
[BlackElo "1121"]
[PlyCount "51"]
[EventDate "2017.??.??"]
[WhiteTeam "SF Frankfurt"]
[BlackTeam "SV Hofheim"]

1. e4 e5 2. d4 exd4 3. Qxd4 Nc6 4. Qe3 d6 5. Nc3 Nf6 6. Bd2 Be7 7. a3 a6 8. Bc4
b5 9. Ba2 Bb7 10. f3 O-O 11. Nge2 Qd7 12. g4 Ne5 13. Nf4 c5 14. g5 Ne8 15. Ncd5
Nc4 16. Bxc4 bxc4 17. Nb6 Qd8 18. Nxa8 Bxa8 19. Nd5 Bxd5 20. exd5 g6 21. h4 Ng7
22. O-O-O Qb6 23. Qxe7 Rb8 24. Bc3 Nf5 25. Qf6 Qb7 26. Qh8# 1-0

[Event "Frankfurt Ch B 2017"]
[Site "Ffm-Höchst, BiKuZ"]
[Date "2017.04.24"]
[Round "1.7"]
[White "Arnold, Jan"]
[Black "Both, Günter"]
[Result "0-1"]
[WhiteElo "1114"]
[BlackElo "1427"]
[PlyCount "50"]
[EventDate "2017.??.??"]
[WhiteTeam "SC Frankfurt-West"]
[BlackTeam "SK Bischofsheim"]

1. e4 c5 2. Nf3 Nc6 3. Nc3 d6 4. d4 cxd4 5. Nxd4 e5 6. Nxc6 bxc6 7. Be3 Nf6 8.
Bc4 Be7 9. a3 O-O 10. Qe2 Qc7 11. O-O Be6 12. Bd3 d5 13. exd5 Nxd5 14. Nxd5
cxd5 15. c3 f5 16. f4 e4 17. Bc2 d4 18. Bxd4 Bc4 19. Qh5 Bxf1 20. Rxf1 Bc5 21.
Qd1 Rad8 22. Bb3+ Kh8 23. Qd2 Qb6 24. Bc4 Bxd4+ 25. cxd4 Rxd4 0-1

[Event "Frankfurt Ch B 2017"]
[Site "Ffm-Höchst, BiKuZ"]
[Date "2017.04.24"]
[Round "1.8"]
[White "Memmeler, Björn"]
[Black "Misevich, Saveliy"]
[Result "1/2-1/2"]
[WhiteElo "1407"]
[BlackElo "1114"]
[PlyCount "102"]
[EventDate "2017.??.??"]
[WhiteTeam "SF Mainz"]
[BlackTeam "SC Frankfurt-West"]

1. Nf3 d6 2. c4 Nf6 3. Nc3 g6 4. b3 Bg7 5. Bb2 Nc6 6. Qc2 Nb4 7. Qb1 Bf5 8. d3
c5 9. g3 e5 10. Bg2 Qd7 11. O-O O-O 12. Rd1 Rad8 13. a3 Nc6 14. Nd2 Bh3 15.
Nce4 Nd4 16. Nxf6+ Bxf6 17. Bxd4 cxd4 18. b4 h5 19. Ne4 Kg7 20. Rd2 Be7 21. Rc2
Bxg2 22. Kxg2 f5 23. Nd2 h4 24. gxh4 Bxh4 25. Nf3 Qe7 26. Qg1 Qf6 27. c5 d5 28.
c6 bxc6 29. Nxh4 Qxh4 30. Rxc6 e4 31. Rac1 Rde8 32. Kf1 Qg4 33. Qxg4 fxg4 34.
Rc7+ Rf7 35. Rxf7+ Kxf7 36. Rc7+ Re7 37. Rxe7+ Kxe7 38. Kg2 Ke6 39. Kg3 Kf5 40.
a4 e3 41. fxe3 dxe3 42. b5 Ke5 43. a5 Kd6 44. b6 axb6 45. axb6 Kc6 46. Kf4 Kxb6
47. Kxe3 Kc6 48. Kd4 Kd6 49. e3 Ke6 50. e4 dxe4 51. Kxe4 g5 1/2-1/2

[Event "Frankfurt Ch B 2017"]
[Site "Ffm-Höchst, BiKuZ"]
[Date "2017.04.24"]
[Round "1.9"]
[White "Ratfai, Miksa"]
[Black "Manasek, Martin"]
[Result "0-1"]
[WhiteElo "1102"]
[BlackElo "1362"]
[PlyCount "142"]
[EventDate "2017.??.??"]
[WhiteTeam "SC Bad Soden"]
[BlackTeam "Bad Vilbeler Sfr"]

1. e4 c5 2. Nf3 Nc6 3. Bb5 Qc7 4. O-O e5 5. Nc3 Nf6 6. d3 Be7 7. Bg5 O-O 8. Re1
a6 9. Ba4 b5 10. Bb3 Qd8 11. Qd2 Bb7 12. Nd5 d6 13. c3 Na5 14. Nxe7+ Qxe7 15.
d4 c4 16. Bc2 h6 17. Bh4 Nc6 18. d5 Nb8 19. Qe3 Nbd7 20. b3 Rfc8 21. b4 Qe8 22.
a4 Ng4 23. Qd2 Ngf6 24. Qe3 Rcb8 25. a5 Bc8 26. Bd1 Nf8 27. Bxf6 Ng6 28. Bh4 f5
29. exf5 Bxf5 30. Bg3 Qe7 31. Ra2 Re8 32. Bc2 Bxc2 33. Rxc2 Qb7 34. Qe4 Nf4 35.
Rd2 Qf7 36. Rdd1 Nd3 37. Rxd3 cxd3 38. Qxd3 Rac8 39. Re4 Rc7 40. c4 bxc4 41.
Rxc4 Rec8 42. Rxc7 Qxc7 43. h3 Qc4 44. Qd2 Qc1+ 45. Qe1 Qxe1+ 46. Nxe1 Rc1 47.
Kf1 Rb1 48. Ke2 Rxb4 49. Nd3 Rb5 50. f4 Rxd5 51. fxe5 dxe5 52. Bxe5 Rxa5 53.
Bc3 Ra2+ 54. Bd2 a5 55. Nc1 Ra3 56. Nd3 a4 57. Bb4 Rb3 58. Kd2 Kf7 59. Ne5+ Ke6
60. Nd3 Kd5 61. Kc2 Kc4 62. Bf8 Rxd3 63. Bxg7 h5 64. Be5 Re3 65. Bf4 Re2+ 66.
Kc1 Rxg2 67. Kb1 Kb3 68. Kc1 a3 69. Kb1 Rg1+ 70. Bc1 a2+ 71. Ka1 Rxc1# 0-1

[Event "Frankfurt Ch B 2017"]
[Site "Ffm-Höchst, BiKuZ"]
[Date "2017.04.24"]
[Round "1.10"]
[White "Brunner, Andreas"]
[Black "Bakiev, Diyor"]
[Result "1/2-1/2"]
[WhiteElo "1353"]
[BlackElo "1077"]
[PlyCount "115"]
[EventDate "2017.??.??"]
[WhiteTeam "FV Berkersheim"]
[BlackTeam "SV Ffm-Griesheim"]

1. d4 d5 2. Nf3 Nc6 3. e3 Nf6 4. c4 Bg4 5. a3 e5 6. dxe5 Nxe5 7. Qa4+ Nc6 8.
Ne5 Bd7 9. Nxd7 Qxd7 10. Be2 Be7 11. O-O O-O 12. Rd1 Qf5 13. Nd2 Rad8 14. cxd5
Qxd5 15. b4 Bd6 16. Nf3 Qf5 17. Bb2 Rfe8 18. b5 Nb8 19. Bxf6 Qxf6 20. Qxa7 b6
21. Qa4 Qh6 22. Rdc1 Nd7 23. Qh4 Qxh4 24. Nxh4 Ra8 25. a4 Nc5 26. Rc4 Red8 27.
g3 g6 28. Bf3 Ra7 29. Ng2 Be5 30. Ra2 Rd3 31. Be2 Rb3 32. f4 Bd6 33. Rd4 Kg7
34. Kf2 Ra8 35. Bc4 Rb4 36. Bd5 Rxd4 37. exd4 Nd3+ 38. Ke3 Nb4 39. Bxa8 Nxa2
40. Kd2 Kf6 41. g4 h6 42. Be4 g5 43. fxg5+ Kxg5 44. h3 f6 45. Bf5 h5 46. Kd3
Nb4+ 47. Kc4 hxg4 48. hxg4 Kh6 49. Ne3 Kg5 50. Nd5 Nxd5 51. Kxd5 Kh6 52. Ke6
Kg7 53. d5 Be5 54. Kd7 Bd6 55. Kc6 Kf7 56. Kb7 Ke7 57. Ka6 Bb4 58. Be6 1/2-1/2

[Event "Frankfurt Ch B 2017"]
[Site "Ffm-Höchst, BiKuZ"]
[Date "2017.04.24"]
[Round "1.11"]
[White "Fredershausen, Kurt"]
[Black "Mayer, Rolf"]
[Result "0-1"]
[WhiteElo "998"]
[BlackElo "1340"]
[PlyCount "90"]
[EventDate "2017.??.??"]
[WhiteTeam "SC Bad Soden"]
[BlackTeam "SC Flörsheim"]

1. e4 d6 2. Nf3 Nf6 3. Nc3 g6 4. b3 Bg7 5. Bb2 O-O 6. Rb1 c5 7. Be2 Nc6 8. Nd5
e6 9. Nxf6+ Bxf6 10. Bxf6 Qxf6 11. O-O d5 12. exd5 exd5 13. Re1 Bf5 14. a3 a6
15. Qc1 Rfe8 16. Bd3 Bxd3 17. Rxe8+ Rxe8 18. cxd3 b6 19. Qf1 Ne5 20. Kh1 Nxf3
21. gxf3 Qxf3+ 22. Kg1 Re2 23. Rd1 Qxd3 24. Re1 Rxd2 25. Re8+ Kg7 26. Qxd3 Rxd3
27. Re3 Rxe3 28. fxe3 Kf6 29. Kf2 Ke5 30. Kf3 f5 31. h3 g5 32. a4 h6 33. Kf2 c4
34. b4 c3 35. Ke2 Ke4 36. b5 axb5 37. axb5 h5 38. Kd1 Kxe3 39. Kc2 d4 40. Kd1
d3 41. Kc1 f4 42. Kd1 f3 43. h4 gxh4 44. Ke1 c2 45. Kf1 c1=Q# 0-1

[Event "Frankfurt Ch B 2017"]
[Site "Ffm-Höchst, BiKuZ"]
[Date "2017.04.24"]
[Round "1.12"]
[White "Wöhl, Torsten"]
[Black "Häfner, Günther"]
[Result "1/2-1/2"]
[WhiteElo "1338"]
[BlackElo "940"]
[PlyCount "87"]
[EventDate "2017.??.??"]
[WhiteTeam "SC Groß-Zimmern"]
[BlackTeam "FV Berkersheim"]

1. d4 Nf6 2. Bf4 g6 3. e3 Bg7 4. c3 O-O 5. Nd2 d6 6. Ngf3 Nh5 7. Bg3 c5 8. Be2
Nxg3 9. hxg3 e6 10. Ne4 b6 11. Nfg5 h6 12. Nh3 d5 13. Nd2 Nd7 14. Bf3 Rb8 15.
Qc2 Nf6 16. g4 Bb7 17. g5 Nh7 18. gxh6 Bxh6 19. Be2 c4 20. Nf3 Ng5 21. Nhxg5
Bxg5 22. Ne5 Kg7 23. Bg4 Rh8 24. O-O-O Rxh1 25. Rxh1 Qe7 26. Qe2 Rh8 27. Bh3
Bf6 28. Nf3 Bc8 29. Nh2 e5 30. Bxc8 Rxc8 31. Qg4 Qe6 32. Qd1 Qf5 33. dxe5 Qxe5
34. Ng4 Qf5 35. Nxf6 Kxf6 36. g4 Qe5 37. Rh7 Ke6 38. Qf3 Rf8 39. Qh3 Ke7 40. f4
Qf6 41. Qf3 Rd8 42. e4 dxe4 43. Qxe4+ Qe6 44. Qxe6+ 1/2-1/2

[Event "Frankfurt Ch B 2017"]
[Site "Ffm-Höchst, BiKuZ"]
[Date "2017.04.24"]
[Round "1.13"]
[White "Wundram, Till"]
[Black "Mongi, Mario"]
[Result "1-0"]
[WhiteElo "917"]
[BlackElo "1312"]
[PlyCount "51"]
[EventDate "2017.??.??"]
[WhiteTeam "vereinslos"]
[BlackTeam "SC Sulzbach"]

1. d4 e6 2. Nf3 d5 3. b3 Nd7 4. Bb2 Ngf6 5. Nbd2 Be7 6. e3 O-O 7. Bd3 b6 8. O-O
a5 9. c4 Ba6 10. Qc2 Re8 11. Ne5 Nxe5 12. dxe5 dxc4 13. Nxc4 b5 14. exf6 bxc4
15. fxe7 cxd3 16. exd8=Q dxc2 17. Qxe8+ Rxe8 18. f4 Bxf1 19. Kxf1 Rd8 20. Rc1
Rd2 21. h4 Kf8 22. Kg1 Ke7 23. Kh2 g6 24. Bc3 Rd5 25. Rxc2 Rc5 26. Bb4 1-0

[Event "Frankfurt Ch B 2017"]
[Site "Ffm-Höchst, BiKuZ"]
[Date "2017.04.24"]
[Round "1.14"]
[White "Grünzig, Matthias"]
[Black "Pessotschinski, Lars"]
[Result "1-0"]
[WhiteElo "1312"]
[BlackElo "849"]
[PlyCount "77"]
[EventDate "2017.??.??"]
[WhiteTeam "FV Berkersheim"]
[BlackTeam "TuS Makkabi"]

1. e4 e5 2. Bc4 Nf6 3. d4 exd4 4. Qxd4 Nc6 5. Qe3 Be7 6. Nc3 Ne5 7. Bb3 O-O 8.
Nf3 d6 9. O-O Bg4 10. Nxe5 dxe5 11. f3 b6 12. Qe2 Be6 13. Bxe6 Bc5+ 14. Be3
Bxe3+ 15. Qxe3 fxe6 16. Rfd1 Qe7 17. a3 Rfd8 18. b4 Rxd1+ 19. Rxd1 Rd8 20.
Rxd8+ Qxd8 21. Qd3 Qd4+ 22. Qxd4 exd4 23. Nb5 c5 24. Nxa7 c4 25. Nb5 e5 26. Kf2
Nh5 27. g3 Kf7 28. Nd6+ Ke6 29. Nxc4 b5 30. Nb6 Nf6 31. a4 Ne8 32. axb5 Nc7 33.
Ke2 Nxb5 34. Nd5 Na7 35. Kd3 Kd6 36. c3 dxc3 37. Nxc3 Kc6 38. Kc4 g6 39. f4 1-0

[Event "Frankfurt Ch B 2017"]
[Site "Ffm-Höchst, BiKuZ"]
[Date "2017.04.24"]
[Round "1.15"]
[White "Czinkota, Michael"]
[Black "Dröser, Wolfgang"]
[Result "0-1"]
[WhiteElo "790"]
[BlackElo "1311"]
[PlyCount "64"]
[EventDate "2017.??.??"]
[WhiteTeam "SC Bad Soden"]
[BlackTeam "SC Sulzbach"]

1. e4 d6 2. d4 g6 3. Nc3 c6 4. Bc4 e6 5. Bb3 Bg7 6. Nf3 h6 7. Bf4 Qc7 8. O-O
Nd7 9. Re1 e5 10. dxe5 dxe5 11. Bg3 Ne7 12. Qd3 b5 13. Rad1 O-O 14. Nd4 Nc5 15.
Qf3 Nxb3 16. cxb3 h5 17. h3 f5 18. exf5 Nxf5 19. Nxf5 Rxf5 20. Qd3 Be6 21. Ne4
Bd5 22. Bh4 Raf8 23. g4 hxg4 24. hxg4 Rf4 25. Ng5 Rxg4+ 26. Kf1 Bg2+ 27. Ke2 e4
28. Qc2 Rxh4 29. Ne6 Bf3+ 30. Kd2 Qd7+ 31. Kc1 Qxe6 32. Rd4 Bxd4 0-1

[Event "Frankfurt Ch B 2017"]
[Site "Ffm-Höchst, BiKuZ"]
[Date "2017.04.24"]
[Round "1.16"]
[White "Winter, Thomas"]
[Black "Burkart, Lloyd Shang"]
[Result "1-0"]
[WhiteElo "1303"]
[BlackElo "774"]
[PlyCount "75"]
[EventDate "2017.??.??"]
[WhiteTeam "SV Oberursel"]
[BlackTeam "TuS Makkabi"]

1. e4 c5 2. Nf3 e6 3. d4 cxd4 4. Nxd4 Nc6 5. Nc3 Be7 6. Be3 d6 7. Qd2 Nf6 8.
Be2 O-O 9. g4 d5 10. f3 e5 11. Nxc6 bxc6 12. Bg5 h6 13. Bh4 d4 14. Nd1 c5 15.
Nf2 Bb7 16. g5 hxg5 17. Bxg5 Qb6 18. O-O-O Rfd8 19. Ng4 Rac8 20. Nxe5 Qc7 21.
Nc4 Rb8 22. Bf4 Bd6 23. Bxd6 Rxd6 24. Nxd6 Qxd6 25. Rdg1 Qb6 26. Bc4 a5 27. Qh6
Ne8 28. Qxb6 a4 29. Qxc5 Rc8 30. Qxd4 a3 31. b3 Kf8 32. Bb5 Bc6 33. Bxc6 Rxc6
34. Rg4 g6 35. Rh4 Re6 36. Rh8+ Ke7 37. Rd1 Nf6 38. Qd8# 1-0

[Event "Frankfurt Ch B 2017"]
[Site "Ffm-Höchst, BiKuZ"]
[Date "2017.04.24"]
[Round "1.17"]
[White "Lachmann, Irma"]
[Black "Schäfer, Dieter"]
[Result "0-1"]
[WhiteElo "739"]
[BlackElo "1294"]
[PlyCount "88"]
[EventDate "2017.??.??"]
[WhiteTeam "FV Berkersheim"]
[BlackTeam "SV Ffm-Griesheim"]

1. e4 e5 2. Nf3 Nc6 3. Bc4 Bc5 4. d3 d6 5. Bb3 Bg4 6. Bd2 Qf6 7. Qe2 Nd4 8. Qd1
Nxf3+ 9. gxf3 Bxf3 10. Rg1 Bxd1 11. Kxd1 Qxf2 12. Re1 Nf6 13. c4 Ng4 14. Kc2 c6
15. Nc3 Be3 16. Rad1 Bxd2 17. Re2 Qf3 18. Rdxd2 O-O 19. a3 Ne3+ 20. Kc1 Qf1+
21. Bd1 Nxd1 22. Nxd1 f5 23. Kc2 fxe4 24. Rxe4 Rf6 25. Nc3 a6 26. a4 Rb8 27.
Ree2 b5 28. cxb5 axb5 29. Rd1 Qf4 30. Ra1 Qd4 31. Rd2 Rf2 32. a5 Rxd2+ 33. Kxd2
Qf2+ 34. Ne2 d5 35. a6 e4 36. Ra3 e3+ 37. Kd1 Qf1+ 38. Kc2 Qxe2+ 39. Kc3 Qd2+
40. Kb3 Qxd3+ 41. Ka2 Qc4+ 42. Rb3 e2 43. a7 Ra8 44. Ka3 Rxa7# 0-1

[Event "Frankfurt Ch A 2017"]
[Site "Ffm-Höchst, BiKuZ"]
[Date "2017.05.02"]
[Round "2.1"]
[White "Rudolph, Lukas"]
[Black "Poetsch, Hagen"]
[Result "0-1"]
[WhiteElo "1914"]
[BlackElo "2474"]
[PlyCount "80"]
[EventDate "2017.??.??"]
[WhiteTeam "SK Niederbrechen"]
[BlackTeam "SF Schöneck"]

1. e4 g6 2. d4 Bg7 3. Be3 c5 4. c3 Nf6 5. Nd2 cxd4 6. Bxd4 Nc6 7. Bxf6 Bxf6 8.
Ngf3 O-O 9. Bc4 e6 10. Nb3 d5 11. exd5 exd5 12. Be2 a5 13. O-O a4 14. Nbd4 Qb6
15. Rb1 Re8 16. Nc2 Bf5 17. Bd3 Be6 18. Re1 d4 19. c4 Qa5 20. Nd2 Bg7 21. Ne4
Rad8 22. b4 axb3 23. axb3 Ne5 24. b4 Qc7 25. c5 Bf5 26. Nd6 Bxd3 27. Nxe8 Rxe8
28. f4 Bxc2 29. Qxc2 d3 30. Qd1 Rd8 31. fxe5 Bxe5 32. Rb3 Bxh2+ 33. Kh1 Qg3 34.
Re4 f5 35. Re6 Qh4 36. Rxd3 Bg3+ 37. Kg1 Qh2+ 38. Kf1 Qh1+ 39. Ke2 Qxg2+ 40.
Ke3 f4# 0-1

[Event "Frankfurt Ch A 2017"]
[Site "Ffm-Höchst, BiKuZ"]
[Date "2017.05.02"]
[Round "2.2"]
[White "Milov, Leonid"]
[Black "Krüger, Till"]
[Result "1-0"]
[WhiteElo "2391"]
[BlackElo "1935"]
[PlyCount "81"]
[EventDate "2017.??.??"]
[WhiteTeam "SC Noris-Tarrasch Nürnberg"]
[BlackTeam "SC Nidderau"]

1. f4 g6 2. Nf3 Bg7 3. e4 d5 4. exd5 Qxd5 5. d4 Bg4 6. Be2 Nf6 7. O-O c6 8. h3
Bxf3 9. Bxf3 Qd8 10. Na3 O-O 11. Nc4 Qc7 12. Qe2 e6 13. c3 Nbd7 14. g3 Nd5 15.
Ne5 Rad8 16. Qf2 Rfe8 17. Bd2 Qb6 18. b4 Qc7 19. a4 a5 20. bxa5 c5 21. Rab1 c4
22. Rb5 Ra8 23. Rfb1 Nxe5 24. fxe5 Reb8 25. Qg2 Rxa5 26. Bxd5 exd5 27. Qxd5
Rxb5 28. Rxb5 Qc8 29. g4 h5 30. Rc5 Qe8 31. Rc7 hxg4 32. hxg4 Rd8 33. Qxc4 Bxe5
34. Rxb7 Kg7 35. Kf2 Rd7 36. Qc6 Qh8 37. Rxd7 Qh4+ 38. Kf1 Qh3+ 39. Qg2 Qd3+
40. Kg1 Qb1+ 41. Qf1 1-0

[Event "Frankfurt Ch A 2017"]
[Site "Ffm-Höchst, BiKuZ"]
[Date "2017.05.02"]
[Round "2.3"]
[White "Rau, Christian"]
[Black "Prenzler, Daniel"]
[Result "1/2-1/2"]
[WhiteElo "1878"]
[BlackElo "2253"]
[PlyCount "95"]
[EventDate "2017.??.??"]
[WhiteTeam "SV Rüsselsheim"]
[BlackTeam "SC Nied"]

1. e4 e6 2. d4 d5 3. exd5 exd5 4. Nf3 Nc6 5. Bd3 Bd6 6. O-O Nge7 7. Re1 Bg4 8.
c3 Qd7 9. Nbd2 O-O-O 10. h3 Bf5 11. Nf1 f6 12. Ng3 Bxd3 13. Qxd3 Bxg3 14. fxg3
Nf5 15. g4 Nd6 16. Bf4 Ne4 17. Nd2 Nxd2 18. Bxd2 h6 19. Re2 Rde8 20. Rae1 Nb8
21. Qg6 Rxe2 22. Rxe2 Rf8 23. Bf4 Rf7 24. Qh7 b6 25. b4 Kb7 26. Qg8 g5 27. Bg3
Rg7 28. Qf8 Qf7 29. Re8 Nd7 30. Qxf7 Rxf7 31. b5 Rh7 32. Kf2 c6 33. a4 cxb5 34.
axb5 a6 35. bxa6+ Kxa6 36. Ke3 Kb5 37. Kd3 h5 38. Re6 hxg4 39. hxg4 Ka4 40. Rd6
b5 41. Rxd5 Nb6 42. Rd6 Nc4 43. Rxf6 Re7 44. Rf3 Nb2+ 45. Kd2 Nc4+ 46. Kd3 Nb2+
47. Kd2 Nc4+ 48. Kd3 1/2-1/2

[Event "Frankfurt Ch A 2017"]
[Site "Ffm-Höchst, BiKuZ"]
[Date "2017.05.02"]
[Round "2.4"]
[White "Uwira, Oliver"]
[Black "Budde, Michael"]
[Result "1/2-1/2"]
[WhiteElo "2230"]
[BlackElo "1917"]
[PlyCount "105"]
[EventDate "2017.??.??"]
[WhiteTeam "SC Nied"]
[BlackTeam "SC Flörsheim"]

1. d4 Nf6 2. c4 c5 3. d5 b5 4. cxb5 a6 5. bxa6 Bxa6 6. g3 d6 7. Bg2 g6 8. b3
Bg7 9. Bb2 Nbd7 10. Nh3 O-O 11. O-O Qb6 12. Bc3 Rfb8 13. Qc2 Qb5 14. Re1 c4 15.
b4 Nxd5 16. a4 Nxb4 17. axb5 Nxc2 18. Rxa6 Bxc3 19. Nxc3 Rxa6 20. bxa6 Nxe1 21.
a7 Nxg2 22. axb8=Q+ Nxb8 23. Kxg2 e6 24. e4 Nc6 25. Ng5 Kg7 26. Nf3 f5 27. Nd2
fxe4 28. Nxc4 d5 29. Nd2 Kf6 30. Nb3 g5 31. h3 Ke5 32. Kf1 d4 33. Nd1 h5 34.
Ke2 Nb4 35. Nc5 Nd5 36. Nd7+ Kf5 37. Nb2 Nc3+ 38. Ke1 h4 39. Nc4 hxg3 40. fxg3
Nb5 41. Kf2 g4 42. h4 e3+ 43. Ke2 Nc3+ 44. Kd3 Ne4 45. Kxd4 e2 46. Ne3+ Kg6 47.
Ne5+ Kh5 48. Ng2 Nxg3 49. Ke3 e1=Q+ 50. Nxe1 Kxh4 51. Ng2+ Kg5 52. Nf4 Kf5 53.
Nxg4 1/2-1/2

[Event "Frankfurt Ch A 2017"]
[Site "Ffm-Höchst, BiKuZ"]
[Date "2017.05.02"]
[Round "2.5"]
[White "Zimmer, Gerald"]
[Black "Minor, Samuel"]
[Result "0-1"]
[WhiteElo "1863"]
[BlackElo "2186"]
[PlyCount "72"]
[EventDate "2017.??.??"]
[WhiteTeam "SC Bergen-Enkheim"]
[BlackTeam "Wiesbadener SV"]

1. c4 e5 2. Nc3 Nc6 3. g3 f5 4. Bg2 Nf6 5. e3 g6 6. Nge2 Bg7 7. d4 e4 8. Nf4
O-O 9. O-O Ne7 10. b4 d6 11. Bb2 c6 12. h4 h6 13. Qe2 Qe8 14. Rfd1 g5 15. hxg5
hxg5 16. Nh3 Qg6 17. Kf1 d5 18. Ke1 f4 19. gxf4 Bg4 20. Qf1 Bxd1 21. Rxd1 g4
22. Ng5 Nh7 23. Nxh7 Kxh7 24. cxd5 cxd5 25. Qb5 Qe6 26. Kd2 a6 27. Qe2 Rf6 28.
Rh1+ Rh6 29. Qd1 Rc8 30. Rxh6+ Bxh6 31. Qh1 Rd8 32. Qh5 Nf5 33. Qxg4 Nxd4 34.
Qh4 Rg8 35. Bh3 Nf3+ 36. Kc2 Qf7 0-1

[Event "Frankfurt Ch A 2017"]
[Site "Ffm-Höchst, BiKuZ"]
[Date "2017.05.02"]
[Round "2.6"]
[White "Hovsepyan, Vardan"]
[Black "Kuhn, Luis"]
[Result "1-0"]
[WhiteElo "2149"]
[BlackElo "1896"]
[PlyCount "55"]
[EventDate "2017.??.??"]
[WhiteTeam "FVS ASP Hoyerswerda"]
[BlackTeam "SC Flörsheim"]

1. e4 c5 2. Nc3 Nc6 3. Nge2 Nf6 4. g3 e5 5. Bg2 Be7 6. f4 d6 7. d3 a6 8. a4 Qb6
9. O-O h5 10. a5 Nxa5 11. fxe5 dxe5 12. Nd5 Nxd5 13. exd5 c4+ 14. Kh1 h4 15.
Qd2 hxg3 16. Nxg3 Qg6 17. Qf2 Bh4 18. Kg1 b6 19. Qe3 Bxg3 20. hxg3 Qh5 21. Qxb6
Bh3 22. Rxa5 Bxg2 23. Qc6+ Ke7 24. d6+ Ke6 25. Qxg2 Rh6 26. Qd5+ Kd7 27. Qb7+
Ke6 28. Qe7# 1-0

[Event "Frankfurt Ch A 2017"]
[Site "Ffm-Höchst, BiKuZ"]
[Date "2017.05.02"]
[Round "2.7"]
[White "Göbel, Andreas"]
[Black "Nehmert, Ulrich"]
[Result "1/2-1/2"]
[WhiteElo "1845"]
[BlackElo "2144"]
[PlyCount "27"]
[EventDate "2017.??.??"]
[WhiteTeam "SC Brett vorm Kopp"]
[BlackTeam "Wiesbadener SV"]

1. Nf3 c5 2. g3 Nc6 3. Bg2 g6 4. O-O Bg7 5. d3 d6 6. e4 Bg4 7. h3 Bd7 8. c3 e5
9. Bg5 Nge7 10. Na3 O-O 11. Qd2 f5 12. Bh6 f4 13. Bxg7 Kxg7 14. d4 1/2-1/2

[Event "Frankfurt Ch A 2017"]
[Site "Ffm-Höchst, BiKuZ"]
[Date "2017.05.02"]
[Round "2.8"]
[White "Stock, Jürgen"]
[Black "Chandler, Patrick"]
[Result "0-1"]
[WhiteElo "1831"]
[BlackElo "2121"]
[PlyCount "76"]
[EventDate "2017.??.??"]
[WhiteTeam "SC Eschborn"]
[BlackTeam "SC Nied"]

1. d4 Nf6 2. c3 d6 3. Bg5 Nbd7 4. Nd2 h6 5. Bxf6 Nxf6 6. e3 Bf5 7. f4 c6 8. Bc4
e6 9. Ngf3 Be7 10. O-O Qc7 11. a4 g5 12. Qe2 g4 13. Nh4 Bh7 14. f5 d5 15. fxe6
fxe6 16. Bd3 Rg8 17. g3 O-O-O 18. Ng2 e5 19. Bxh7 Nxh7 20. a5 Bd6 21. b4 Rde8
22. b5 Qd7 23. bxc6 Qxc6 24. c4 exd4 25. cxd5 Qxd5 26. Qd3 Ng5 27. a6 Rxe3 28.
axb7+ Kb8 29. Qc4 Qxc4 30. Nxc4 Re6 31. Nf4 Bxf4 32. gxf4 Nf3+ 33. Kg2 Re2+ 34.
Rf2 d3 35. Rd1 Kxb7 36. Ne5 Nxe5 37. fxe5 Re8 38. Rxd3 Rxf2+ 0-1

[Event "Frankfurt Ch A 2017"]
[Site "Ffm-Höchst, BiKuZ"]
[Date "2017.05.02"]
[Round "2.9"]
[White "Sarközy, Benjamin"]
[Black "Winand, Edgar"]
[Result "1-0"]
[WhiteElo "2106"]
[BlackElo "1872"]
[PlyCount "47"]
[EventDate "2017.??.??"]
[WhiteTeam "SC Somborn"]
[BlackTeam "SC Flörsheim"]

1. e4 d6 2. d4 g6 3. Be3 Bg7 4. f3 a6 5. Qd2 Nd7 6. h4 h5 7. Nc3 b5 8. O-O-O
Bb7 9. Nh3 Rc8 10. Ng5 c5 11. g4 Qa5 12. Kb1 b4 13. Ne2 Ngf6 14. gxh5 Nxh5 15.
Bh3 Nb6 16. Bxc8 Bxc8 17. dxc5 Nc4 18. Qd5 Nxe3 19. Qxf7+ Kd8 20. cxd6 Bd7 21.
dxe7+ Kc8 22. Rxd7 Qe5 23. Nd4 Bf6 24. Nge6 1-0